Manual introductorio y guía de animación a la lectura.

Guardado en:
Detalles Bibliográficos
Autor Corporativo: Ministerio de Cultura (Autor)
Formato: Libro
Lenguaje:español
Publicado: Bogotá, Colombia: Ministerio de Cultura, 2010.
Colección:Biblioteca Básica de los Pueblos Indígenas de Colombia,
Materias:
Etiquetas: Agregar Etiqueta
Sin Etiquetas, Sea el primero en etiquetar este registro!

MARC

LEADER 00000nam a2200000 a 4500
001 UCG5423
003 CL-VaPUC
005 20250414122207.0
008 110303e20100800CK |||||||||||||||||spa|d
999 |c 343940  |d 343938 
020 |a 9789587530148o.c 
020 |a 9789587530223t.8 
040 |c Pontificia Universidad Católica de Valparaíso 
082 0 4 |a 898 MIN 2010  |b    |2 21 
110 2 |a Ministerio de Cultura  |e author  |9 555137 
245 1 0 |a Manual introductorio y guía de animación a la lectura. 
260 |a Bogotá, Colombia:  |b Ministerio de Cultura,  |c 2010. 
300 |a 83 páginas.  
490 0 |a Biblioteca Básica de los Pueblos Indígenas de Colombia,   |n  8. 
583 |a last modification  |c 20110303 00:00:00  |k Rodrigo Vera 
650 0 |a Literatura colombiana   |9 315578  |y Siglo 20  
650 0 |a Identidad cultural  |9 319131  |z Colombia  
942 |c BK  |2 ddc 
945 |d 20110303 00:00:00  |a dcastane 
952 |0 0  |1 0  |2 ddc  |4 0  |6 898_000000000000000_MIN_2010  |7 0  |8 A  |9 441657  |a BIBEDU  |b BIBEDU  |d 2019-11-22  |i 4747305  |o 898 MIN 2010  |p 4747305  |r 2023-01-11  |w 2019-11-22  |x Traspaso desde Btca.Arte 14-4-2025  |y BK  |k EPE